| 000 | 00819nam a2200253Ia 4500 | ||
|---|---|---|---|
| 001 | 22075 | ||
| 005 | 20260320113340.0 | ||
| 008 | 260320s9999||||xx |||||||||||||| ||und|| | ||
| 020 | _a9788878392984 | ||
| 041 | _aITA | ||
| 082 |
_a233 _bR41 |
||
| 100 |
_aRenczes, Philipp G., _eAUT |
||
| 245 | 0 |
_aAgire di Dio e libertà dell'uomo : _bricerche sull'antropologia teologica di san Massimo il Confessore |
|
| 246 |
_a _5 _b |
||
| 260 |
_aRoma : _bPontificio Istituto Biblico, _c2014 |
||
| 300 |
_a434 páginas : _b _c21 cm. _e |
||
| 440 |
_a(Theologia : _nnúmero 15) _v |
||
| 650 | _aREL | ||
| 653 | _aDios; Antropología teológica | ||
| 654 | _aCHU | ||
| 700 |
_a _c |
||
| 856 |
_uhttps://0u20jpnbu-y-https-www-jstor-org.itmsp.museknowledge.com/ _zVéase además: Base de datos JSTOR |
||
| 942 |
_cLIB _dJUS _fMAT _2ddc _n |
||
| 999 |
_c22075 _d22075 |
||